El llanto de Europa / (Record no. 142643)

MARC details
000 -LEADER
campo de control de longitud fija 00704nam a2200217 i 4500
001 - NÚMERO DE CONTROL
campo de control 142643
003 - IDENTIFICADOR DE NÚMERO DE CONTROL
campo de control ES-MaACL
005 - FECHA Y HORA DE LA ÚLTIMA TRANSACCIÓN
campo de control 20250520202130.0
007 - CAMPO FIJO DE DESCRIPCIÓN FÍSICA--INFORMACIÓN GENERAL
campo de control de longitud fija t|
008 - DATOS DE LONGITUD FIJA--INFORMACIÓN GENERAL
campo de control de longitud fija 071009s1948 sp a |||| | spa d
080 ## - NÚMERO DE LA CLASIFICACIÓN DECIMAL UNIVERSAL
Número de la Clasificación Decimal Universal 86-94"19"
100 1# - ENTRADA PRINCIPAL--NOMBRE DE PERSONA
Nombre de persona Vilarrubias Solanes, Felio A.
9 (RLIN) 114827
245 13 - MENCIÓN DEL TÍTULO
Título El llanto de Europa /
Mención de responsabilidad, etc. Felio A. Vilarrubias ; con una carta-prólogo de J. Estelrich y un dibujo de Ramón de Capmany.
250 ## - MENCION DE EDICION
Mención de edición 1ª ed.
260 ## - PUBLICACIÓN, DISTRIBUCIÓN, ETC.
Lugar de publicación, distribución, etc. Barcelona :
Nombre del editor, distribuidor, etc. Montaner y Simón,
Fecha de publicación, distribución, etc. 1948.
300 ## - DESCRIPCIÓN FÍSICA
Extensión 200 p. :
Otras características físicas il. ;
Dimensiones 21 cm.
700 1# - ENTRADA AGREGADA--NOMBRE PERSONAL
Nombre de persona Capmany, Ramon de,
Fechas asociadas al nombre 1899-1992
9 (RLIN) 34866
700 0# - ENTRADA AGREGADA--NOMBRE PERSONAL
Nombre de persona Estelrich, Joan (
Fechas asociadas al nombre 1896-1958)
9 (RLIN) 48104
852 ## - LOCALIZACIÓN
Ubicación ES-MaACL
Número de control de estantería C-5617
Holdings
Estatus retirado Estado de pérdida Estado de daño No para préstamo Biblioteca de origen Biblioteca actual Ubicación en estantería Fecha de adquisición Fuente de adquisición Total de préstamos Signatura topográfica completa Código de barras Visto por última vez Precio de reemplazo Tipo de ítem Koha
        Biblioteca del Ateneo de Madrid Biblioteca del Ateneo de Madrid Sala Palomar 17/01/2008     C-5617 1148419 23/02/2023 23/02/2023 Libro impreso